Calcul mental instantané #4 - Statistiques

Statistiques générales
  • Ce quiz a été pris 5 552 fois
  • Le résultat moyen est 4 sur 10
Statistiques - réponses
# Hint Réponse % Correct
1 12 x 12 144
100%
2 x 3 432
75%
3 - 133 299
68%
4 + (8/8) 300
61%
5 / 15 20
49%
6 + (4x3/2) 26
37%
7 x 9 234
21%
8 + 9999 10233
10%
9 - 1 10232
7%
10 / (1/2x4) 5116
1%
Aucun quiz correspondant
Distribution des résultats
% des personnes avec chaque résultat
Percentile par nombre de réponses
Votre historique - résultats
Vous n’avez pas pris ce quiz